[Event "National Open"]
[Site "Las Vegas USA"]
[Date "2002.03.10"]
[Round "6"]
[White "Blatny,P"]
[Black "Andrianov,N"]
[Result "1-0"]
[WhiteElo "2433"]
[BlackElo "2450"]

1.Nf3 Nf6 2.b3 g6 3.Bb2 Bg7 4.g3 O-O 5.Bg2 c5 6.c4 d6 7.d4 Ne4 8.Nfd2 Ng5
9.e3 Nc6 10.f4 Ne6 11.Bxc6 bxc6 12.Nf3 cxd4 13.Nxd4 Qb6 14.Qd2 Nc5 15.Nc3 e5
16.Nde2 Bh3 17.Kf2 Rae8 18.Ba3 exf4 19.gxf4 Qa5 20.Bxc5 Qxc5 21.Rae1 d5 22.cxd5 cxd5
23.Rd1 Be6 24.Nd4 Rc8 25.Nce2 Bg4 26.Rc1 Qe7 27.Ng3 Qh4 28.h3 Be6 29.Nf3 Qe7
30.f5 Bxf5 31.Nxf5 gxf5 32.Qxd5 Qe4 33.Qxe4 fxe4 34.Ng5 Rce8 35.h4 f5 36.Rhg1 f4
37.Rc7 fxe3+ 38.Kxe3 Bh6 39.Ke2 Bxg5 40.Rxg5+ Kh8 41.Rgg7 Rf4 42.Rxh7+ Kg8
43.Rcg7+ Kf8 44.Rxa7 Kg8 45.h5 e3 46.Rag7+ Kf8 47.h6 Rf2+ 48.Ke1  1-0

[Event "ch-CZE"]
[Site "Ostrava CZE"]
[Date "2002.05.24"]
[Round "9"]
[White "Chytilek,R"]
[Black "Blatny,P"]
[Result "1-0"]
[WhiteElo "2390"]
[BlackElo "2444"]

1.e4 g6 2.d4 c6 3.Nc3 d5 4.Nf3 Bg7 5.h3 Nf6 6.e5 Nfd7 7.Be3 Nf8 8.Qd2 h6
9.g3 b6 10.Bg2 Ba6 11.Ne2 e6 12.O-O Nfd7 13.b3 c5 14.c4 Nc6 15.cxd5 exd5
16.Rfe1 Ne7 17.Nf4 Rc8 18.Rad1 c4 19.e6 Nf8 20.exf7+ Kxf7 21.Ne5+ Kg8 22.Qe2 Rc7
23.Qf3 Bb7 24.Bc1 g5 25.Nh5 Neg6 26.Nxg7 Kxg7 27.bxc4 dxc4 28.d5 Nxe5 29.Bb2 Ng6
30.Rxe5 Kh7 31.Re6 Re8 32.Rxe8 Qxe8 33.Qc3 Qe2 34.Re1 Qd3 35.Qf6 c3 36.Be4 Qxe4
37.Rxe4 cxb2 38.Qxb2 Bxd5 39.Rd4 Bc4 40.Rd6 b5 41.Qc2 Rg7 42.Rf6 h5 43.Qf5 Kh6
44.h4 gxh4 45.gxh4 Bf7 46.Rxf7 Nxh4+ 47.Rxg7 Nxf5 48.Rxa7 Nd4 49.Kf1 h4 50.Rd7 Nc2
51.Rd6+ Kg7 52.Rd5 Nb4 53.Rd2 Nc6 54.Rb2 b4 55.Rc2 Ne5 56.Re2 Kf6 57.Re4 Nd3
58.Rd4 Nc1 59.Rxb4 Nxa2 60.Rc4 h3 61.Kg1 Ke5 62.Kh2 Kd5 63.Rc8 Nb4 64.Kxh3 Ke5
65.Kg4 Nd3 66.Re8+ Kf6 67.f4 Nc5 68.Rc8 Ne4 69.Rc6+ Kf7 70.Kf5 Ng3+ 71.Ke5 Nh5
72.f5 Kg7 73.Rg6+ Kh7 74.Rg5  1-0

[Event "KB Czech Open"]
[Site "Pardubice CZE"]
[Date "2002.07.26"]
[Round "8"]
[White "Klenburg,M"]
[Black "Blatny,P"]
[Result "1-0"]
[WhiteElo "2376"]
[BlackElo "2486"]

1.g3 e5 2.Bg2 Nc6 3.d3 g6 4.Nf3 Bg7 5.O-O d6 6.c4 f5 7.Nc3 Nf6 8.Rb1 a5 9.a3 O-O
10.b4 axb4 11.axb4 h6 12.b5 Ne7 13.Ne1 Nd7 14.Nc2 Kh7 15.Nb4 g5 16.Bb2 Nc5
17.Ra1 Rxa1 18.Qxa1 Be6 19.Ncd5 Nxd5 20.Nxd5 Rf7 21.Qb1 Kh8 22.Ba3 b6 23.Bb4 Bc8
24.Qa2 Ne6 25.Qa8 g4 26.e3 Ng5 27.Qb8 e4 28.d4 f4 29.Ra1 fxe3 30.fxe3 Qd7
31.Ra8 Rf8 32.Qxc7 Qf5 33.Nf4 Nh3+ 34.Bxh3 gxh3 35.Bxd6 Re8 36.Qc6 Rd8 37.Qxb6 Rg8
38.Be5 Kh7 39.Bxg7 Rxg7 40.Ra7 Bd7 41.Qc5 Qg4 42.Qh5  1-0

[Event "38th American Open"]
[Site "Los Angeles USA"]
[Date "2002.11.28"]
[Round "1"]
[White "Blatny,P"]
[Black "Hanken,J"]
[Result "1-0"]
[WhiteElo "2479"]
[BlackElo "2089"]

1.b3 c5 2.e3 Nf6 3.Bb2 e6 4.g3 Be7 5.Bg2 d5 6.Ne2 O-O 7.d3 Nc6 8.Nd2 b6 9.h3 Bb7
10.g4 Ne8 11.c3 a5 12.O-O Qd7 13.f4 b5 14.Ng3 a4 15.Rb1 axb3 16.axb3 Nd6
17.Nf3 b4 18.c4 dxc4 19.dxc4 Rfd8 20.Qc2 Ne8 21.Rbd1 Qc7 22.Nd2 Bf6 23.Bxf6 Nxf6
24.g5 Ne8 25.h4 Ne7 26.Nde4 Nf5 27.Nxf5 exf5 28.Ng3 Bxg2 29.Qxg2 Nd6 30.h5 Qe7
31.Rfe1 Ra3 32.Qd5 Nb7 33.Qxb7  1-0

[Event "38th American Open"]
[Site "Los Angeles USA"]
[Date "2002.11.30"]
[Round "5"]
[White "Blatny,P"]
[Black "Del Pilar,R"]
[Result "1-0"]
[WhiteElo "2479"]
[BlackElo "2222"]

1.b3 e5 2.Bb2 d6 3.e3 f5 4.d4 e4 5.Ne2 Nf6 6.Nf4 Nc6 7.h4 g6 8.Nc3 Bd7 9.Bc4 Bh6
10.h5 g5 11.Ne6 Qc8 12.Nb5 Na5 13.Nexc7+ Ke7 14.Be2 Bxb5 15.Nxb5 a6 16.Na3 Qc7
17.d5 b5 18.c4 bxc4 19.b4 Nb7 20.Nxc4 Nd8 21.Bxf6+ Kxf6 22.Qd4+ Ke7 23.Rb1 Qa7
24.Qxh8 Nf7 25.Qxh7 Qd7 26.g4 Rh8 27.Qg6 Ra8 28.Qxf5 Qxf5 29.gxf5 Kf6 30.Rg1 Rc8
31.Nd2 Rc2 32.Nxe4+ Ke5 33.Bd3 Rc8 34.Ke2 g4 35.Rbc1  1-0

[Event "38th American Open"]
[Site "Los Angeles USA"]
[Date "2002.11.30"]
[Round "6"]
[White "Sevillano,E"]
[Black "Blatny,P"]
[Result "1/2-1/2"]
[WhiteElo "2486"]
[BlackElo "2479"]

1.e4 b6 2.Nc3 Bb7 3.Nf3 e6 4.d4 Bb4 5.Bd3 Nf6 6.Qe2 d5 7.exd5 Nxd5 8.Bd2 Nd7
9.Nxd5 Bxd2+ 10.Nxd2 Bxd5  1/2-1/2

[Event "North American Open"]
[Site "Las Vegas USA"]
[Date "2002.12.28"]
[Round "4"]
[White "Blatny,P"]
[Black "Bartholomew,J"]
[Result "0-1"]
[WhiteElo "2479"]
[BlackElo "2307"]

1.b3 e5 2.Bb2 Nc6 3.e3 Nf6 4.Bb5 Bd6 5.d4 exd4 6.exd4 O-O 7.a3 Re8+ 8.Ne2 Bf8
9.Nd2 d5 10.O-O Bf5 11.Ng3 Bg4 12.f3 Bd7 13.Bd3 Bd6 14.Rf2 Ne7 15.Ndf1 Ng6
16.Nf5 Bf8 17.g3 c5 18.N1e3 Rc8 19.Qd2 c4 20.Bf1 Qb6 21.b4 Ne7 22.Nh4 Ng6
23.Nhg2 Bd6 24.Bc3 Qc7 25.Be2 h5 26.Nf1 Bh3 27.Re1 h4 28.Qg5 Nh7 29.Qh5 Nf6
30.Qg5 Nh7 31.Qxd5 hxg3 32.hxg3 Bxg3 33.Nxg3 Qxg3 34.Bf1 Nf4 35.Qb5 Bd7 36.Qxd7 Nh3+
37.Kh1 Nxf2+ 38.Kg1 Nh3+ 39.Kh1 Red8 40.Qxb7 Nf2+ 41.Kg1 Ng5 42.Be2 Ngh3+
43.Kf1 Nd3  0-1

[Event "Bermuda Open"]
[Site "Southampton BER"]
[Date "2003.02.09"]
[Round "5"]
[White "Blatny,P"]
[Black "Chow,V"]
[Result "1-0"]
[WhiteElo "2475"]
[BlackElo "2087"]

1.b3 Nf6 2.Bb2 g6 3.g3 Bg7 4.Bg2 Nc6 5.c4 O-O 6.f4 d6 7.d4 Ng4 8.Qd2 e5 9.h3 Nh6
10.d5 Nd4 11.g4 Qh4+ 12.Kf1 Bxg4 13.hxg4 Qxg4 14.e3 Nhf5 15.exd4 Ng3+ 16.Kf2 Nxh1+
17.Bxh1 exf4 18.Kf1 Rae8 19.Bf3 Qf5 20.Na3 g5 21.Qc2 Qd7 22.Qg2 h6 23.Nc2 f5
24.Bh5 Re7 25.Re1 c5 26.dxc6 bxc6 27.Bf3 Rxe1+ 28.Nxe1 Rc8 29.d5 c5 30.Bh5 g4
31.Nd3 Bxb2 32.Qxb2 Qe7 33.Nxf4 Rf8 34.Qh8+  1-0

[Event "TCh-CZE 2002-3"]
[Site "Czech Rep CZE"]
[Date "2003.02.15"]
[Round "6"]
[White "Blatny,P"]
[Black "Langner,L"]
[Result "1-0"]
[WhiteElo "2475"]
[BlackElo "2411"]

1.g3 e5 2.Bg2 f5 3.e4 Nf6 4.exf5 Bc5 5.Nf3 O-O 6.O-O e4 7.Ng5 h6 8.Nxe4 Nxe4
9.Bxe4 d5 10.Bg2 Nc6 11.d4 Bb6 12.Nc3 Rxf5 13.Be3 Be6 14.Na4 Qd7 15.c3 Rf7
16.Re1 Ne7 17.b3 Raf8 18.Nb2 Bg4 19.Qd2 Bf3 20.Nd3 Ng6 21.Bf1 Qf5 22.Be2 Be4
23.f4 Nh4 24.Ne5 g5 25.Bg4 Qxg4 26.Nxg4 Nf3+ 27.Kf2 Nxd2 28.Nxh6+ Kg7 29.Nxf7 gxf4
30.Bxd2 Rxf7 31.Bxf4 c5 32.Rxe4 dxe4 33.Ke3 cxd4+ 34.cxd4 Re7 35.Rc1 Kg6
36.Bd6 Rf7 37.Rc2 Rd7 38.Be5 Kf5 39.Rf2+  1-0

[Event "TCh-CZE 2002-3"]
[Site "Czech Rep CZE"]
[Date "2003.04.12"]
[Round "10"]
[White "Manik,M"]
[Black "Blatny,P"]
[Result "1/2-1/2"]
[WhiteElo "2431"]
[BlackElo "2475"]

1.e4 e5 2.Nf3 Nc6 3.Bb5 a6 4.Ba4 Nf6 5.O-O Be7 6.Re1 b5 7.Bb3 O-O 8.h3 d6
9.c3 Nd7 10.d4 Bf6 11.a4 Rb8 12.axb5 axb5 13.Be3 Ne7 14.Nbd2 c5 15.dxe5 dxe5
16.Nf1 Qc7 17.Ng3 g6 18.Qd2 c4 19.Bc2 Nc5 20.Red1 Rb6 21.Ra8 Bg7 22.Nh2 Qc6
23.Ra7 Bb7 24.Ng4 h5 25.Nh2 Nc8 26.Ra3 Qc7 27.Nf3 Rd6 28.Qe2 Rxd1+ 29.Qxd1 Rd8
30.Qa1 Nd6 31.Ra7 Bf6 32.Qa5 Qc8 33.Qb6 Ne6 34.h4 Rd7 35.Qa5 Nd8 36.Qb6 Ne6
37.Qa5 Nc5 38.Bg5 Bg7 39.Be3  1/2-1/2

[Event "TCh-CZE 2002-3"]
[Site "Czech Rep CZE"]
[Date "2003.04.13"]
[Round "11"]
[White "Blatny,P"]
[Black "Orsag,Mil1"]
[Result "1-0"]
[WhiteElo "2475"]
[BlackElo "2392"]

1.f4 Nf6 2.b3 g6 3.Bb2 Bg7 4.e3 O-O 5.Be2 d6 6.Qc1 c5 7.Nf3 b6 8.c4 Bb7 9.Nc3 Nbd7
10.O-O e6 11.d4 a6 12.Rd1 Qe7 13.a4 Rab8 14.Ra2 Rfe8 15.Ba3 Ne4 16.Nxe4 Bxe4
17.Ng5 Ba8 18.Rad2 Nf6 19.dxc5 bxc5 20.Rxd6 Rxb3 21.R6d3 Rxd3 22.Rxd3 h6
23.Nf3 Ne4 24.Bb2 Rb8 25.Bxg7 Kxg7 26.Ne5 Qh4 27.Qf1 Rb1 28.Rd1 Rxd1 29.Bxd1 Qd8
30.Qd3 Qa5 31.Kf1 Nf6 32.Qc2 Be4 33.Qb2 Qc7 34.Bf3 Bxf3 35.Nxf3 Qd8 36.Ke2 Kg8
37.Qb7 a5 38.Ne5 Qe8 39.Qb5 Qa8 40.Nc6 Ne4 41.Kd3 Nf2+ 42.Kc2 Kh7 43.Qxc5 Qc8
44.Qb5 Qd7 45.Nd4 Qd6 46.Qb7 Kg8 47.Kd2 Qa3 48.Qb3 Ne4+ 49.Ke2 Qa1 50.Qb8+ Kh7
51.Qb7 Qa2+ 52.Kf3 Nd2+ 53.Kg4 Kg8 54.Qa8+ Kg7 55.c5 Qa3 56.Qb8 Nc4 57.Nxe6+ fxe6
58.Qc7+ Kf6 59.Qd8+ Kf7 60.Qd7+ Kf6 61.Qd4+  1-0

[Event "12th Chicago Open"]
[Site "Oak Brook USA"]
[Date "2003.05.26"]
[Round "6"]
[White "Nagle,S"]
[Black "Blatny,P"]
[Result "1-0"]
[WhiteElo "2364"]
[BlackElo "2458"]

1.d4 Nf6 2.Nf3 d6 3.Bg5 Nbd7 4.Nbd2 h6 5.Bxf6 Nxf6 6.e4 e6 7.Bd3 Be7 8.Qe2 Nd7
9.c3 a6 10.O-O b6 11.e5 Bb7 12.Ne4 d5 13.Ng3 h5 14.Nd2 h4 15.Nh1 c5 16.f4 g6
17.g4 hxg3 18.hxg3 Qc7 19.g4 b5 20.Ng3 O-O-O 21.Kg2 Kb8 22.Rh1 Rhf8 23.Rh7 Nb6
24.f5 gxf5 25.gxf5 c4 26.Bc2 exf5 27.Rf1 Rh8 28.Qh5 Rhg8 29.Rxf5 Rde8 30.Rfxf7 Qd8
31.Qh6 Ka8 32.Bf5 Nd7 33.Nf3 b4 34.Kf2 bxc3 35.bxc3 Nb8 36.Bc2 Nc6 37.Ba4 Qb6
38.Bxc6 Qb2+ 39.Qd2 Qxd2+ 40.Nxd2 Bxc6 41.Rxe7 Ref8+ 42.Rhf7  1-0

[Event "31st World Open"]
[Site "Philadelphia USA"]
[Date "2003.07.01"]
[Round "2"]
[White "Popovych,O"]
[Black "Blatny,P"]
[Result "0-1"]
[WhiteElo "2263"]
[BlackElo "2458"]

1.e4 g6 2.d4 c6 3.f4 d5 4.e5 h5 5.Nc3 Nh6 6.Nf3 Bg4 7.h3 Bxf3 8.Qxf3 Nf5
9.Be3 e6 10.Bd3 h4 11.Ne2 Qb6 12.O-O Nxe3 13.Qxe3 c5 14.c3 Nc6 15.Rac1 c4
16.Bb1 Qxb2 17.Qf3 Ne7 18.a4 a6 19.Rc2 Qb6 20.Ra2 Nc6 21.Bc2 Qa5 22.f5 gxf5
23.Bxf5 exf5 24.Qxf5 Nd8 25.Nf4 Qxc3 26.e6 Nxe6 27.Ne2 Qe3+ 28.Kh1 O-O-O  0-1

[Event "KB Czech Open"]
[Site "Pardubice CZE"]
[Date "2003.07.22"]
[Round "5"]
[White "Blatny,P"]
[Black "Chytilek,R"]
[Result "1-0"]
[WhiteElo "2503"]
[BlackElo "2406"]

1.b3 e5 2.Bb2 Nc6 3.e3 Nf6 4.g3 d6 5.Bg2 Be6 6.d3 Qd7 7.Nd2 g6 8.h3 Bg7 9.Ne2 O-O
10.a3 a5 11.c4 h6 12.Qc2 Rae8 13.e4 Nh7 14.Nf3 f5 15.exf5 gxf5 16.O-O-O a4
17.b4 b5 18.Nd2 bxc4 19.dxc4 Rc8 20.Rhe1 Nf6 21.Qxa4 e4 22.Qc2 Qf7 23.Nf4 Ne5
24.Bxe5 dxe5 25.Nxe6 Qxe6 26.g4 Ra8 27.gxf5 Qxf5 28.a4 Qxf2 29.Nxe4 Qxc2+
30.Kxc2 Rxa4 31.Kb3 Ra6 32.b5 Rb6 33.Nxf6+ Rbxf6 34.Rd7 Kh8 35.Bd5 Rg6 36.Rxc7 Rf2
37.Re3 Rg1 38.Be4  1-0

[Event "KB Czech Open"]
[Site "Pardubice CZE"]
[Date "2003.07.24"]
[Round "7"]
[White "Blatny,P"]
[Black "Faibisovich,V"]
[Result "1/2-1/2"]
[WhiteElo "2503"]
[BlackElo "2421"]

1.b3 d5 2.e3 Nf6 3.Bb2 g6 4.f4 Bg7 5.Be2 O-O 6.Nf3 Bg4 7.O-O c5 8.c4 Nc6
9.cxd5 Qxd5 10.Nc3 Qd7 11.Na4 b6 12.a3 Rac8 13.Bc3 Ne4 14.Bxg7 Kxg7 15.d3 Bxf3
16.Bxf3 Nf6 17.Qc2 Nd5 18.Rae1 Rfd8 19.Nb2 e5 20.f5 f6 21.Be4 Nde7 22.g4 gxf5
23.gxf5 Kh8 24.Kh1 Rg8 25.Rf3 Rg5 26.Ref1 Rcg8 27.Qc4 Nd8 28.Nd1 Qe8 29.Nc3 Qh5
30.R3f2 Rg4 31.Ne2 Qh6 32.Qb5 Qxe3 33.Qd7 R4g7 34.Qd6 Qh6 35.b4 Nc8 36.Qd5 cxb4
37.axb4 Nf7 38.Qa2 Ng5 39.Bd5 Rd8 40.Nc3 Nh3 41.Rg2 Nf4 42.Rxg7 Qxg7 43.Rg1 Qc7
44.Be4 Nd6 45.Nd5 Nxd5 46.Bxd5 Nxf5 47.Qg2 Ng7 48.h4 Qe7 49.Kh2 f5 50.Kh3 Qf6
51.Bc4 h6 52.Qg6 Qxg6 53.Rxg6 Kh7 54.Rf6 Rd4 55.Rc6 b5 56.Bxb5 Rxb4 57.Bc4 e4
58.dxe4 fxe4 59.Bf7 Rb8 60.Bg6+ Kg8 61.Bxe4 Rb3+ 62.Kg2 Rb4 63.Kf3 Rb6 64.Bd5+ Kh7
65.Rc2 a5 66.h5 Rb5 67.Bf7 Rf5+  1/2-1/2

[Event "KB Czech Open"]
[Site "Pardubice CZE"]
[Date "2003.07.26"]
[Round "9"]
[White "Blatny,P"]
[Black "Haub,TM"]
[Result "1-0"]
[WhiteElo "2503"]
[BlackElo "2397"]

1.b3 e5 2.Bb2 d6 3.g3 g6 4.Bg2 Bg7 5.e3 Nf6 6.d3 O-O 7.Nd2 Nc6 8.Ne2 Be6
9.a3 Qd7 10.h3 a5 11.c4 h5 12.Qc2 Rab8 13.Rd1 Nh7 14.Nf1 Ne7 15.d4 Ng5 16.h4 Bh3
17.Rxh3 Qxh3 18.Nf4 Qf5 19.e4 Qc8 20.dxe5 dxe5 21.Nxh5 gxh5 22.hxg5 Qg4 23.Ne3 Qxg5
24.Rd7 h4 25.Bc1 Qf6 26.Rxe7 Qxe7 27.Nf5 Qf6 28.gxh4 Rfe8 29.Qe2 Rbd8 30.Bg5 Qg6
31.Bxd8 Qxg2 32.Bxc7 a4 33.b4 Re6 34.Qd3 Kh7 35.c5 Bh6 36.Ke2 Qg4+ 37.Kf1 Qf4
38.h5 Qc1+ 39.Kg2 Qg5+ 40.Ng3 Qc1 41.Qd7 Qf4 42.Bd8 Kg8 43.Qxb7 Qc1 44.Qc8 Bf8
45.Qa8 Qxa3 46.c6 Rxc6 47.Qxc6 Qxb4 48.Bf6 a3 49.Bxe5 Be7 50.Qc8+  1-0

[Event "US Open"]
[Site "Los Angeles USA"]
[Date "2003.08.12"]
[Round "9"]
[White "Aigner,M"]
[Black "Blatny,P"]
[Result "1-0"]
[WhiteElo "2158"]
[BlackElo "2503"]

1.e4 g6 2.d4 c6 3.Nc3 d5 4.Nf3 Bg7 5.Be2 Bg4 6.exd5 cxd5 7.Ne5 Bxe2 8.Qxe2 a6
9.O-O Nd7 10.Nxd7 Qxd7 11.Rd1 Rc8 12.Bf4 e6 13.Be5 f6 14.Bg3 Kf7 15.Re1 Ne7
16.Na4 Rc6 17.Nc5 Qc8 18.c3 h5 19.f3 g5 20.a4 h4 21.Bf2 Ng6 22.Nd3 Bf8 23.Qd2 Bd6
24.Be3 Qb8 25.h3 Ne7 26.Nf2 Bh2+ 27.Kf1 Nf5 28.Ng4 Bg3 29.Re2 Qc7 30.Kg1 Rc8
31.Qd3 Kg7 32.Bd2 Qb6 33.Rf1 Qc7 34.f4 gxf4 35.Rxe6 Rxe6 36.Qxf5 Rce8 37.Bxf4 Bxf4
38.Rxf4 Qd6 39.Ne5 Rxe5 40.dxe5 Rxe5 41.Rg4+ Kf7 42.Qh7+ Ke6 43.Qxh4 Qb6+
44.Kh2 Qxb2 45.Rb4 Qxc3 46.Rb6+ Kd7 47.Qh7+ Kd8 48.Rxb7  1-0

[Event "LA Open"]
[Site "Los Angeles USA"]
[Date "2003.10.04"]
[Round "2"]
[White "Khachiyan,M"]
[Black "Blatny,P"]
[Result "1-0"]
[WhiteElo "2464"]
[BlackElo "2494"]

1.e4 c6 2.d4 g6 3.Nc3 d5 4.h3 Bg7 5.Nf3 Nf6 6.e5 Nfd7 7.Bd3 Nf8 8.Ne2 b6
9.c4 dxc4 10.Bxc4 Be6 11.Bb3 Bxb3 12.Qxb3 Ne6 13.Ng5 Nxg5 14.Bxg5 h6 15.Be3 Qd5
16.O-O Qxb3 17.axb3 e6 18.Rfc1 Kd7 19.Nc3 Bf8 20.Ne4 Be7 21.Bd2 a6 22.b4 Ra7
23.Ra3 Kc7 24.Rf3 Rh7 25.Nf6 Bxf6 26.exf6 Rh8 27.Bf4+ Kb7 28.d5 exd5 29.Re3 Kc8
30.Bxb8 Kxb8 31.Rxc6 Rd8 32.b5 axb5 33.Rxb6+ Rb7 34.Rxb7+ Kxb7 35.Re7+ Kc6
36.Rxf7 d4 37.Kf1 Rd6 38.Ke2 d3+ 39.Kd2 Kc5 40.Rf8 Kb4 41.f7 Rd7 42.f4 Kb3
43.g4 b4 44.g5 hxg5 45.fxg5 Kxb2 46.h4 Ra7 47.h5  1-0

[Event "39th American Open"]
[Site "Los Angeles USA"]
[Date "2003.11.30"]
[Round "8"]
[White "Blatny,P"]
[Black "Atalik,S"]
[Result "1/2-1/2"]
[WhiteElo "2494"]
[BlackElo "2570"]

1.e4 e6 2.d4 d5 3.exd5 exd5 4.Bd3 c5 5.Qe2+ Qe7 6.dxc5 Qxe2+ 7.Nxe2 Bxc5
8.Nd2 Nc6 9.Nf3 Bb6 10.O-O Nf6 11.c3 O-O 12.Ned4 Re8 13.Bf4 Ne4 14.Rfe1 Bxd4
15.Nxd4 Nxd4 16.cxd4 Bf5 17.f3 Nd6 18.Bxd6 Bxd3  1/2-1/2

[Event "TCh-CZE Extraliga 2003-4"]
[Site "Czech Rep CZE"]
[Date "2004.03.20"]
[Round "8"]
[White "Blatny,P"]
[Black "Manik,M"]
[Result "0-1"]
[WhiteElo "2452"]
[BlackElo "2493"]

1.e4 c5 2.b3 d6 3.Bb2 Nf6 4.Nc3 a6 5.f4 e6 6.Nf3 Be7 7.Bd3 b5 8.a4 b4 9.Ne2 Bb7
10.Ng3 h5 11.Qe2 h4 12.Nf1 d5 13.e5 Nh5 14.g3 d4 15.Be4 Nc6 16.d3 Qc7 17.Bc1 hxg3
18.hxg3 O-O-O 19.N3d2 g6 20.Nc4 Ng7 21.Qg2 f5 22.Bf3 Kb8 23.Kf2 Rdg8 24.Bd2 Nd8
25.Nh2 Rh6 26.Bxb7 Qxb7 27.Nf3 Rgh8 28.Rxh6 Rxh6 29.Rh1 Nf7 30.Rh3 Qc6 31.Qh1 Rh5
32.Rxh5 Nxh5 33.Qg1 Nh6 34.Nh2 Kc7 35.Ke2 Ng4 36.Be1 g5 37.fxg5 Bxg5 38.Nf3 Bf4
39.Qg2 Bh6 40.Qh3 Qe8 41.Qh1 Ne3 42.Nxe3 Bxe3 43.Qh4 Kd7 44.Bf2 Qg6 45.Bxe3 Nxg3+
46.Kf2 dxe3+ 47.Kxe3 Qg4 48.Qh7+ Kd8 49.Qb7 Ne4 50.Qf7 Qxf3+  0-1

[Event "TCh-CZE Extraliga 2003-4"]
[Site "Czech Rep CZE"]
[Date "2004.04.04"]
[Round "11"]
[White "Blatny,P"]
[Black "Sikora Lerch,J"]
[Result "1/2-1/2"]
[WhiteElo "2452"]
[BlackElo "2345"]

1.c4 c6 2.d4 d5 3.cxd5 cxd5 4.Nc3 Nf6 5.Nf3 Nc6 6.Bf4 Bf5 7.e3 e6 8.Bd3 Bxd3
9.Qxd3 Bd6 10.Bxd6 Qxd6 11.O-O O-O 12.Rfc1  1/2-1/2

[Event "6th Foxwoods Open"]
[Site "Connecticut USA"]
[Date "2004.04.07"]
[Round "1"]
[White "Perez,Al"]
[Black "Blatny,P"]
[Result "0-1"]
[WhiteElo "2167"]
[BlackElo "2451"]

1.d4 b6 2.c4 e6 3.Nc3 Bb7 4.Nf3 f5 5.Bg5 Be7 6.Bxe7 Qxe7 7.e3 Nf6 8.Be2 O-O
9.O-O d6 10.b4 Nbd7 11.Qb3 c5 12.bxc5 dxc5 13.d5 exd5 14.cxd5 Kh8 15.Rfd1 Ne8
16.Bb5 Ndf6 17.Ng5 Nxd5 18.Nxh7 Nxc3 19.Nxf8 Qg5 20.g3 Nxb5 21.Qxb5 Qg4 22.Rd7 Be4
23.Re7 Nf6 24.Rxe4  0-1

[Event "6th Foxwoods Open"]
[Site "Connecticut USA"]
[Date "2004.04.09"]
[Round "5"]
[White "Bartholomew,J"]
[Black "Blatny,P"]
[Result "1-0"]
[WhiteElo "2327"]
[BlackElo "2451"]

1.e4 e5 2.Nf3 Nc6 3.Bb5 Nge7 4.O-O a6 5.Ba4 d6 6.c3 b5 7.Bb3 Ng6 8.d4 Be7
9.a4 bxa4 10.Bxa4 Bd7 11.dxe5 Ncxe5 12.Nxe5 dxe5 13.Bxd7+ Qxd7 14.Qxd7+ Kxd7
15.Be3 Rhb8 16.b4 c5 17.bxc5 Kc6 18.Nd2 Bxc5 19.Bxc5 Kxc5 20.Ra5+ Rb5 21.Rfa1 Rd8
22.R5a2 Rd3 23.c4 Rb6 24.Ra5+ Kb4 25.R5a4+ Kc5 26.Ra5+ Kc6 27.c5 Rb4 28.Rxa6+ Kxc5
29.Rc1+ Kb5 30.Ra8 Rd6 31.Nc4 Rd4 32.Rb8+ Kc5 33.Rc8+ Kb5 34.Na3+ Ka6 35.Nc2 Rxe4
36.Nxb4+ Rxb4 37.g3 e4 38.R8c4 Kb5 39.Rc7 Kb6 40.Rxf7 Ne5 41.Rxg7 h5 42.h4 Rb2
43.Re7 Ng4 44.Rf1 Re2 45.f3 Nh2 46.Rxe4 Nxf3+ 47.Rxf3 Rxe4 48.Rf5 Re2 49.Rxh5 Kc6
50.Rf5 Kd6 51.Rf2 Re1+ 52.Kg2 Ke6 53.Kh3 Re4 54.h5  1-0

[Event "Chicago Open"]
[Site "Chicago USA"]
[Date "2004.05.29"]
[Round "3"]
[White "Blatny,P"]
[Black "Karklins,A"]
[Result "1-0"]
[WhiteElo "2451"]
[BlackElo "2300"]

1.b3 e5 2.Bb2 d6 3.e3 Nf6 4.d3 Be7 5.Nd2 O-O 6.g3 Re8 7.Bg2 Bf8 8.Ne2 Nbd7
9.h3 Nc5 10.g4 a5 11.Ng3 Be6 12.g5 Nd5 13.h4 a4 14.Nde4 c6 15.Nxc5 Qa5+ 16.Qd2 Qxc5
17.Ne4 Qb6 18.h5 a3 19.Bc1 Qd8 20.h6 Nc7 21.hxg7 Bxg7 22.Qb4 d5 23.Nf6+ Bxf6
24.gxf6 Qxf6 25.Bxa3 e4 26.d4 Bf5 27.Qd6 Re6 28.Qxc7 Rxa3 29.Qxb7 Qd8 30.Qb4 Qa8
31.Bh3 Bxh3 32.Rxh3 Rg6 33.Kd2 Rxa2 34.Rxa2 Qxa2 35.Qb8+ Kg7 36.Rh5 Qa5+
37.b4 Qa6 38.Rf5 Qc4 39.Rh5 h6 40.Rf5 Qa6 41.Qc7 Rf6 42.Qe5 c5 43.dxc5 Qe6
44.Qxf6+ Qxf6 45.Rxf6 Kxf6 46.b5 Ke6 47.c3  1-0

[Event "CCA/ICC"]
[Site "Stratton Mt USA"]
[Date "2004.06.10"]
[Round "4"]
[White "Blatny,P"]
[Black "Betaneli,A"]
[Result "1-0"]
[WhiteElo "2451"]
[BlackElo "2228"]

1.b3 e5 2.Bb2 d6 3.e3 g6 4.d4 Bg7 5.dxe5 Nd7 6.Nf3 dxe5 7.Bc4 Nh6 8.a4 O-O
9.e4 Nb6 10.Bd3 Qe7 11.Ba3 c5 12.a5 Nd7 13.Nc3 Rd8 14.Nd5 Qf8 15.h3 Rb8 16.Qe2 Nf5
17.exf5 e4 18.O-O-O exf3 19.Ne7+ Kh8 20.gxf3 Re8 21.Rhe1 Ne5 22.Nxc8 Rbxc8
23.Be4 Qe7 24.Kb1 Qc7 25.Qb5 c4 26.Bd6 Qd7 27.Qxd7 Nxd7 28.Bxb7 Rxe1 29.Rxe1 Rd8
30.bxc4 Bc3 31.Re3 Nf6 32.Rd3 Kg7 33.a6 gxf5 34.Bc5  1-0

[Event "CCA/ICC"]
[Site "Stratton Mt USA"]
[Date "2004.06.10"]
[Round "5"]
[White "Winer,S"]
[Black "Blatny,P"]
[Result "0-1"]
[WhiteElo "2335"]
[BlackElo "2451"]

1.d4 g6 2.e4 c6 3.c4 d6 4.Nc3 Bg7 5.Be3 e5 6.Qd2 exd4 7.Bxd4 Nf6 8.f3 O-O
9.O-O-O Be6 10.g4 Nbd7 11.g5 Ne8 12.Bxg7 Kxg7 13.f4 f5 14.exf5 Bxf5 15.Nge2 Qa5
16.Nd4 Rd8 17.Bd3 Bxd3 18.Ne6+ Kg8 19.Nxd8 Nc5 20.Qe3 Bf5 21.Rhg1 Ng7 22.Rxd6 Re8
23.Qf2 Nb3+ 24.Kd1 Rxd8 25.Rxd8+ Qxd8+ 26.Ke1 Nc1 27.Qxa7 Nd3+ 28.Ke2 Ne6
29.Rg3 Nexf4+ 30.Kf3 Nh5 31.Qxb7 Ne5+ 32.Kf2 Nxg3 33.hxg3 Qd2+ 34.Ne2 Ng4+
35.Kf1 Qd1+  0-1

[Event "CCA/ICC"]
[Site "Stratton Mt USA"]
[Date "2004.06.12"]
[Round "7"]
[White "Blatny,P"]
[Black "Pupols,V"]
[Result "1-0"]
[WhiteElo "2451"]
[BlackElo "2233"]

1.b3 e5 2.Bb2 Nc6 3.e3 g6 4.f4 Bg7 5.Nf3 d6 6.Bb5 Ne7 7.fxe5 O-O 8.O-O Nxe5
9.Nxe5 dxe5 10.e4 Be6 11.Qe2 c6 12.Bc4 Qd7 13.Bxe6 Qxe6 14.a4 Rad8 15.Na3 Rd7
16.Bc3 Nc8 17.Nc4 Rfd8 18.Ne3 Nd6 19.d3 Ne8 20.Nc4 Nd6 21.Ne3 Ne8 22.Rf3 Nc7
23.Raf1 Qe8 24.Ng4 Ne6 25.Qf2 Nd4 26.Bxd4 exd4 27.Qh4 h5 28.Nf6+ Bxf6 29.Rxf6 Re7
30.h3 Qd7 31.R1f3 Kg7 32.g4 hxg4 33.hxg4 Rh8 34.Rxg6+  1-0

[Event "National Open Blitz"]
[Site "Las Vegas USA"]
[Date "2004.06.17"]
[Round "5"]
[White "Blatny,P"]
[Black "Gurevich,D"]
[Result "1-0"]
[WhiteElo "2451"]
[BlackElo "2497"]

1.b3 d5 2.e3 c5 3.Bb2 a6 4.Be2 Nc6 5.f4 Nh6 6.Nf3 f6 7.O-O e6 8.Re1 Bd6 9.d4 O-O
10.c4 Nf5 11.Bd3 dxc4 12.Bxf5 exf5 13.d5 c3 14.Nxc3 Ne7 15.a4 b6 16.Nd2 Bb7
17.Nc4 Qc7 18.Qd3 Rad8 19.Rad1 g6 20.g3 Nc8 21.e4 fxe4 22.Nxe4 Be7 23.d6 Nxd6
24.Ncxd6 Bxd6 25.Nxd6 Qc6 26.Qc4+  1-0

[Event "National Open Blitz"]
[Site "Las Vegas USA"]
[Date "2004.06.17"]
[Round "5"]
[White "Gurevich,D"]
[Black "Blatny,P"]
[Result "1/2-1/2"]
[WhiteElo "2497"]
[BlackElo "2451"]

1.d4 b6 2.c4 e6 3.Nc3 Bb7 4.e3 f5 5.d5 Be7 6.Bd3 Nf6 7.Nge2 O-O 8.O-O Na6
9.Nd4 Nc5 10.Bc2 a5 11.a3 g6 12.f4 Re8 13.Rb1 Bf8 14.b4 axb4 15.axb4 Nce4
16.Nxe4 Nxe4 17.Bxe4 fxe4 18.dxe6 dxe6 19.Bb2 Bg7 20.Qb3 Qd7 21.Rbd1 Qa4
22.Qxa4 Rxa4 23.Bc3 c5 24.bxc5 bxc5 25.Nb5 Bxc3 26.Nxc3 Rxc4 27.Nb5 Rb4 28.Nd6 Rd8
29.Nxb7 Rxd1 30.Rxd1 Rxb7 31.Rd8+ Kf7 32.Rc8 Rb1+ 33.Kf2 Rb2+ 34.Kg3 Re2
35.Rxc5 Rxe3+ 36.Kf2 Rd3 37.Re5 Rd2+ 38.Kf1 Rd4 39.Kf2 Kf6 40.Ke3 Rd3+ 41.Kxe4 Rd1
42.Kf3 h5 43.g3 Rd2 44.h3 Rd3+ 45.Kg2 Rd5 46.Re4 Kf5 47.Ra4 Rb5 48.Kf3 Rb3+
49.Kf2 Rc3 50.Ra5+ Kf6 51.Kg2 Rb3 52.g4 h4  1/2-1/2

[Event "National Open Blitz"]
[Site "Las Vegas USA"]
[Date "2004.06.17"]
[Round "6"]
[White "Blatny,P"]
[Black "Fridman,D2"]
[Result "0-1"]
[WhiteElo "2451"]
[BlackElo "2594"]

1.b3 d5 2.e3 Bf5 3.Bb2 Nd7 4.f4 Ngf6 5.Nf3 e6 6.Be2 Be7 7.O-O O-O 8.Nd4 c5
9.Nxf5 exf5 10.Bf3 Nb6 11.a4 Rc8 12.a5 Na8 13.Be5 Nc7 14.Nc3 Qd7 15.Qe2 Ne4
16.Bxe4 dxe4 17.Bxc7 Qxc7 18.g4 Qd7 19.gxf5 Qxf5 20.Ra4 Qg6+ 21.Kh1 f5 22.Nd5 Qf7
23.c4 Rfd8 24.d3 exd3 25.Qxd3 Bf8 26.Ra2 Rd6 27.Rg2 Rcc6 28.Rg5 g6 29.Rfg1 Bg7
30.e4 fxe4 31.Qxe4 Re6 32.Qf3 Bd4 33.f5 Bxg1 34.Rxg1 Re5 35.Qf4 Rxd5 36.cxd5 Qxd5+
37.Rg2 Rf6 38.Qb8+ Rf8 39.Qg3 Rxf5 40.h4 Re5 41.Kh2 Qd6 42.Rf2 Rd5 43.Qxd6 Rxd6
44.Rf3 Kg7 45.Kg3 Rd4 46.Rc3 b6 47.a6 Rb4 48.Rd3  0-1